Saudi Arabia True or False? - Statistics

General Stats
  • This quiz has been taken 198 times
    184 since last reset
  • The average score is 10 of 17
Answer Stats
Question Answer % Correct
Saudi Arabia border Israel False
91%
Saudi Arabia has only one official language True
91%
In Saudi Arabia, Less than 7% of the total area is suitable for cultivation True
77%
Saudi Arabia has not permenant Rivers. True
77%
Saudi Arabia has coastline less than 500 Miles False
73%
Jeddah is most populous city of Saudi Arabia False
68%
Saudi Arabia's population is less than Michigan False
64%
Saudi Arabia shares it's longest border with Iraq False
64%
All neighbors of Saudi Arabia are monarchies False
64%
King Fahd International Airport is larger than entire island of Bahrain True
64%
Saudi Arabia is the member of G20 True
59%
Saudi Arabia is largest producer of Oil. False
50%
Saudi Arabia's 50% population is aged less than 25 True
50%
Saudi Arabia has recognized Israel False
45%
The Capital of Ummayad Caliphate was in Saudi Arabia False
36%
There is an Armour on Saudi flag True
27%
Saudi Arabia produce more dates than any other country False
23%
No matching quizzes found
Score Distribution
Percent of People with Each Score
Percentile by Number Answered
Your Score History
You have not taken this quiz since the last reset